| 000 | 01337cab a2200397 4500 | ||
|---|---|---|---|
| 001 | ABS52863 | ||
| 008 | 090401t1995 xxu||||| |||| 00| 0 eng d | ||
| 035 | _a(Sirsi) u534 | ||
| 041 | _aeng | ||
| 100 | _aCastorina, G. | ||
| 245 | _aCompensation for adverse decisions | ||
| 260 | _c1995 | ||
| 350 | _a0 | ||
| 490 |
_aEstates Gazette _v(9521) 27 May 1995, 117-119(3) |
||
| 520 | _aOutlines the circumstances in which an occupier or owner of land may be entitled to compensation because of an adverse planning decision. | ||
| 650 | _aADVERSE PLANNING DECISIONS | ||
| 650 | _aAMENITY VALUE | ||
| 650 | _aBLIGHT NOTICES | ||
| 650 | _aCOMPENSATION | ||
| 650 | _aDISCONTINUANCE ORDERS | ||
| 650 | _aHAZARDOUS SUBSTANCES | ||
| 650 | _aLISTED BUILDINGS | ||
| 650 | _aMODIFICATION | ||
| 650 | _aPLANNING (HAZARDOUS SUBSTANCES) ACT 1990 | ||
| 650 | _aPLANNING (LISTED BUILDINGS AND CONSERVATION AREAS) ACT 90 | ||
| 650 | _aPLANNING PERMISSION | ||
| 650 | _aPURCHASE NOTICES | ||
| 650 | _aREVOCATION | ||
| 650 | _aSTOP NOTICES | ||
| 650 | _aTOWN AND COUNTRY PLANNING ACT 1990 | ||
| 650 | _aTREE PRESERVATION ORDERS (TPOs) | ||
| 690 | _aENVIRONMENTAL AND LAND CONSULTANCY-PLANNING AND DEVELOPMENT-COMPULSORY PURCHASE AND COMPENSATION | ||
| 690 | _aPLANNING LAW AND PRACTICE | ||
| 942 | _n0 | ||
| 948 | _c04/03/1997 | ||
| 999 |
_c246 _d246 |
||